| 000 | 01382nam2a22002891 4500 | ||
|---|---|---|---|
| 001 | rc\157140 | ||
| 005 | 20250612175340.0 | ||
| 010 |
_a5-229-00800-8 _91000 |
||
| 035 | _a(NLR Aleph) 008764938 | ||
| 090 |
_a7888258 _c7888258 |
||
| 100 | _a20030307d1995 |||y0rusy50 ca | ||
| 101 | 0 | _arus | |
| 102 | _aRU | ||
| 105 | _aa ||||||||| | ||
| 200 | 1 |
_aПрименение _eКн. 1 _eПер. с нем. _fПер. И.М. Копьева, В.А. Федоровича _gПод ред. С.Б. Масленкова |
|
| 210 |
_d1995 _aБ. м. |
||
| 215 |
_a445, [1] с. _cил. _d22 |
||
| 300 | _aПеревод изд.: Werkstoffkunde. Stahl. Bd. 2. Anwendung (Berlin etc., 1985) | ||
| 320 | _aБиблиогр.: с. 417-440 | ||
| 320 | _aПредм. указ.: с. 441-444 | ||
| 461 | 0 |
_1001rc\157137 _12001#$aМеталловедение. Сталь$eСправочник$eВ 2 т. (4 кн.)$f[Сост. В. Енихе и др.]$gПер. с нем. под ред. М.Л. Бернштейна$vТ. 2 _97833861 _cМ. _d1995- _f[Сост. В. Енихе и др.] _nМеталлургия _oСправочник : В 2 т. (4 кн.) _tМеталловедение. Сталь _y5229007974 _vТ. 2 |
|
| 702 | 1 |
_aМасленков _bС.Б. _gСтанислав Борисович _4340 |
|
| 801 | 0 |
_aRU _bNLR _gpsbo |
|
| 801 | 1 |
_aRU _bELAR _2rusmarc |
|
| 852 |
_aNLR _j95-5/1660 |
||
| 942 | _cBOOK | ||
| 980 | _aNB | ||